Statistics for Sabaton Bridges

Click here to take the quiz!

General Stats

  • This quiz has been taken 45 times
    (42 since last reset)
  • The average score is 32 of 61

Answer Stats

HintAnswer% Correct
Higher! The king of the sky! He's flying too fast and he's flying too high! He's flying higher! An eye for an eye! The legend will never die! Higher!The Red Baron
95%
Dying for salvation, with dedication! No capitulation! Annhiliation! Papal commendation! Reincarnation heaven is your destination! (x2) IN THE NAME OF GOD!The Last Stand
86%
See the city burn on the other side, going down in flames as two worlds collide! Who can now look back with a sense of pride? On the other shore there's the end of the war! (x2)Hearts of Iron
76%
FAR FROM SHORE, A PACIFIC WAR! Bombs are falling from the skies! IT'S A BOMB RUN DAY, IT'S THE NAVAL WAY! A blood-red sun is on the rise! (x2)Midway
76%
Oh, Mother Russia, Union of lands! Will of the people, strong in command! OH, MOTHER RUSSIA, UNION OF LANDS! Once more victorious, the Red Army stands!Panzerkampf
76%
Young men are dying! They pay the price! Oh, how they suffer! So tell me what's ________?The Price of a Mile
76%
All that's thine shall be mine, there's no stopping me! All over Europe my rule shall be questioned by none! All I see, give to me, that is my decree! My will be done!Carolus Rex
71%
The North Sea has drawn them near... the Fleet of the High Seas approach... a contest of titans commence! These days will dictate their fate! The Grand Fleet prepares their guns... unleashed as the _______s CLASH AT LAST!Dreadnought
71%
Where, where will this lead? What's coming next, from your inventions? We wonder where, where does it end? Who can foresee? See what will be!Father
71%
Fields of execution, turned to wasteland from the grass! Thou shalt go no further it was said "they shall not pass''! The spirit of resistance and the madness of the war! So GO AHEAD, FACE THE LEAD, JOIN THE DEAD, THOUGH YOU DIE, NEVER ASKING WHY!Fields of Verdun
71%
Over the battlefield, brave men long way home! Few are the chosen ones, sent to the sky to die! (x2)Aces in Exile
67%
MARCH! FIGHT! DIE! IN BERLIN! MARCH! FIGHT! CONQUER! BERLIN!Attero Dominatus
67%
At the bottom of the ocean, the depths of the abyss, they are bound by iron and blood... the flagship of the navy, the terror of the seas, his guns have gone silent at last!Bismarck
67%
Don't fear the reaper, don't fear the war... she spared the life of brothers, (brothers)! She'll fight for honor, she'll fight for life! A LADY GOES TO WAR!Lady of the Dark
67%
Russian armies blocked their way! Twenty thousand lost that day! They bled the ground, peace they found! There's no sign of victory! King Carolus had to flee, and leave the land, leave command!Poltava
67%
After the war has been won, deception or treason? Who can tell? Who stood to gain? Who stood to lose? Who did the dying? Betrayal of trust from within, or compelled? The ________ can tell! Back home where a new life awaits! Whispers of past! The sands of Arabia CALLING!Seven Pillars of Wisdom
67%
Ahead, facing the lead! An army of Swedes, performing god's deeds! Showing no fear, their Judgement is near! Making their sacrifice! When the king and his men, their enemies sight, prepare for the fight! Banners held high! Ready to die! Hear how they praise the Lord!The Carolean's Prayer
67%
When in times they are needed, such times they appear! When a leader has fallen, a hero arise and inspires the lost into glorious deeds that would give them a name that lives on to this day! (x2)Devil Dogs
62%
Beneath the starlight of the heavens! Unlikely heroes in the skies (Witches to attack! Witches coming back!)! As they appear on the horizon, the wind will whisper as the ________ come!Night Witches
62%
SIXTH OF JUNE, 1944! ALLIES ARE TURNING THE WAR! NORMANDY, STATE OF ANARCHY! OVERLORD!Primo Victoria
62%
With a weapon in hand as they made their stand! Still disregarding demand! They would never comply, they would rather die! They stood strong and the legend still lives on!The Lost Battalion
62%
Oh, gather round me and listen while I speak of a war where hell is six feet deep! And all along shore, where cannons still roar! They're haunting my dreams, they're still there when I sleep!To Hell and Back
62%
All the streetlights in the city, broken many years ago... break the curfew, hide in sewers! Warsaw it's time to rise now! (x2)Uprising
62%
569 makes the contact and lead them! U-94 scores a kill in the dark! 124 sinking four in two approaches! 406 suffers failure on launch! U-569 MAKES THE CONTACT AND LEAD THEM! U-94 SCORES A KILL IN THE DARK! U-124 SINKING FOUR IN TWO APPROACHES! 406 SUFFERS FAILURE ON LAUNCH AGAIN!Wolfpack
62%
Just like their ancestors ages ago! Fought in the face of defeat! Those three hundred men left a pride to uphold! FREEDOM OR DEATH IN EFFECT!Coat of Arms
57%
Sent to a prison where heroes are judged as traitors! Accused of treason by his own... sentenced by countrymen under pressure of foreign influence! Men he once fought to free!Inmate 4859
57%
See a king and a soldier... fighting shoulder to shoulder! (x2) He overruled his commanders! He made a last stand in Flanders! We see our king and a soldier, they're fighting shoulder to shoulder... to keep the last piece of Belgium FREE!Race to the Sea
57%
GLORIA FORTIS MILES! The Wehrmacht's closing in! ADVERSOR ET ADMORSUS! The boar against the eagle! (x2)Resist and Bite
57%
From the foot of the Alps to the shores of the sea... (x2) from the home of the brave to the land of the free! From the foot of the Alps to the shores of the sea!The Last Battle
57%
Mighty eagle, rule alone! Liberator, claim the throne! _________ern land, take the scepter from its hand! (x3) Whoa-oa-oa, you __________... OH! YOU ___________!The Lion from the North
57%
Cannonballs are coming down from the sky! Janissaries, are you ready to die? We will seek our vengence eye for an eye! You'll be stopped upon the steps of our gate! On this field, you're only facing our hate! But back home, the sultan's sealing your fate!Winged Hussars
57%
What Sergeant York achieved that day, would echo to the USA! It's _________! "Death from above", what they now say! What Sergeant York achieved that day echoes from France to the USA! It's _________! "Death from above", what they now say!82nd All the Way
52%
And feet by feet, we pay the price of a mile here! Though men have fallen, we see heroes rise! We face the heat as we are fighting until the dawn! So follow me and we will write our own history!Great War
52%
See the Caroleans standing tall! All for one and one for all! Enemies fall at their feet, begging for their mercy! SEE THE CAROLEANS STANDING TALL! CONQUER LANDS AND SLAUGHTER ALL! ENEMIES FALL AT THEIR FEET! VICTORY AND GREAT DEFEAT!Killing Ground
52%
Sent overseas to be cast into fire! Fought for a purpose with pride and desire! Blood of the brave they would give to inspire! ___________, your memory lives! (x2)Smoking Snakes
52%
From the Finnish lakes, into Germany and USA, all the wars he came across. Cross of Mannerheim, an Iron Cross, Bronze Star, Purple Heart, one distinguished flying cross!Soldier of Three Armies
52%
AD VICTORIAM! EX MACHINA! NON SIBI SED! PATRIAE! (x2)Wehrmacht
52%
________... force them to surrender... take what is ours, restore law and order! ________! Push them further out to sea... FALKLANDS IN OUR HANDS! Back under British reign!Back in Control
48%
And as the hammer lost its crown... and a weak heir to succeed it! Play the tunes of victory... play them higher, and higher tonight!Blood of Bannockburn
48%
I always dreamed that I would SERVE HIGH ABOVE! Where spirits lead the way, the winds will never fade!Soldier of Heaven
48%
Great war enter! Front and center! Grand endeavor! Lost forever! (x2)The End of the War to End All Wars
48%
Always remember, a fallen soldier... always remember, fathers and sons at war... (x2) Always remember, a fallen soldier... always remember, BURIED IN HISTORY!40:1
43%
1879, when a few held the line (BACK TO BACK, ATTACK, THE DEAD ARE STACKED!)! Where a last stand was made, and the empire saved (BACK TO BACK, ATTACK, THE DEAD ARE STACKED!)!Rorke's Drift
43%
______... (Spearhead Flanders)... STORM OF PANZERS... _______!Steel Commanders
43%
För Sverige i tiden! Dit konungen går... de gör vad som synes omöjligt, vad än framtiden spår!The Royal Guard
43%
Three nations fallen in six days of war! Traitorous neighbors received as deserved! Under the sun in the dust of the war! One nation standing stronger than before!Counterstrike
38%
First to the battle, first to the feast! Destiny waiting, no retreat... RETREAT!Swedish Pagans
38%
INTO THE FIRE, THROUGH TRENCHES AND MUD! SON OF BELGIUM AND IRELAND WITH WAR IN HIS BLOOD! LEADING THE CHARGE INTO HOSTILE BARRGE! BY DESIGN, HE WAS MADE FOR THE FRONTLINE!The Unkillable Soldier
38%
Unconquered city on Vltava's shore! It's protected by its people! And thirty years ago the war begun! It's returned to where it started...1648
33%
From above the airstrike came and it burned the world below! Napalm falling from the sky and it leaves no man alive!Into the Fire
33%
For their honor! For their glory! For the men who fought and bled! A soldier from Sweden remembers the dead!Long Live the King
33%
Feet after feet! Mile after mile! Allies regaining control! Your cities in ruins! A people in need! Still, you go on as before! FEET AFTER FEET! MILE AFTER MILE! ALLIES RETURNING THE LAND! HIDE UNDERGROUND AS THE COWARD YOU ARE! ONE DAY WE'RE COMING FOR YOU!Reign of Terror
33%
A slice of a knife to a throat, and their blood turns to ice! _________!Talvisota
33%
BROKEN AND LOST, TIRED OF WAR! They'll surrender to me! CAUGHT IN MY TRAP, THERE'S NO WAY OUT! FAIL, NEVER AGAIN, NEVER AGAIN!The Art of War
33%
Under fire, low on munitions, make your bullets count! Push their warriors back down the mountain, rule the battlefront!Hill 3234
29%
CAPTURED IN ALL YOUR LIES, FEAR IS IN YOUR EYES! CREATURE WHO HAS GONE INSANE YOUR WAR IS IN VAIN! TRAPPED IN A CAGE OF STONE, WE'LL DESTROY YOUR HOME! CONSEQUENCE OF YOUR ACTION! (x2)In the Name of God
29%
HEROES of the Telemark carry VIKING blood in veins... WARRIORS of the northern land, they live forever more! (x2)Saboteurs
29%
Nothing remains...cities ruined, turned to dust... all has been lost... RISE FROM THE ASHES AND STRIKE!Firestorm
24%
Leaving home, set to sea, was this really meant to be? See the shores of our homes fade away... facing blood, facing pain, have our brothers died in vain? Many lives has been lost on the way...Light in the Black
24%
In the last days of peace... Europe, holding its breath... an invasion is coming but when will it start?Rise of Evil
24%
Some men return from war in a bag, and yet, the world knows their story! Others return, unwilling to brag! Alive, and humble at heart! No-o-o-o!The Ballad of Bull
10%

Score Distribution

Percentile by Number Answered

Percent of People with Each Score

Your Score History

You have not taken this quiz since the last reset